00345nam a2200133Ia 4500008004100000100004000041245003800081250001200119260002500131300000900156650002400165942000700189999001500196190216s9999||||xx |||||||||||||| ||und|| aNewmey Anov. An And Nesmey Anov. Na 0aFundamentals Of Organic Chemistry a1st Ed. bMir Publishersc1981 a504p aChemistry-Chemistry cBK c2832d2832